[Event "Herren"]
[Site "?"]
[Date "1998.??.??"]
[Round "3.15"]
[White "Pantaleev, D."]
[Black "Reichenbach, W."]
[Result "1/2-1/2"]
[WhiteElo "2165"]
[BlackElo "2280"]
[PlyCount "40"]
[EventDate "1998.??.??"]

1. d4 Nf6 2. c4 e6 3. Nc3 Bb4 4. e3 O-O 5. Bd3 c5 6. Nge2 cxd4 7. exd4 b6 8. a3
Be7 9. d5 d6 10. O-O e5 11. Ng3 g6 12. f4 Nbd7 13. f5 Kg7 14. Be3 a6 15. b4 Bb7
16. Be2 Rc8 17. Qd2 Kh8 18. a4 a5 19. Rab1 Ba6 20. b5 Bb7 1/2-1/2